Chemical reaction engineering (Record no. 18666)

000 -LEADER
fixed length control field 00567nam a22001931 4500
001 - CONTROL NUMBER
control field 18666
003 - CONTROL NUMBER IDENTIFIER
control field BD-DhUET
008 - FIXED-LENGTH DATA ELEMENTS--GENERAL INFORMATION
fixed length control field 840403s1962 nyua b 000 0 eng c
040 ## - CATALOGING SOURCE
Original cataloging agency DLC/ICU
Transcribing agency DLC
Modifying agency BD-DhUET
082 0# - DEWEY DECIMAL CLASSIFICATION NUMBER
Classification number 660.299
Item number LEV/1964
100 ## - MAIN ENTRY--PERSONAL NAME
Personal name Levenspiel, Octave
245 10 - TITLE STATEMENT
Title Chemical reaction engineering
Remainder of title an introduction to the design of chemical reactors
250 ## - EDITION STATEMENT
Edition statement 1st ed.
260 ## - PUBLICATION, DISTRIBUTION, ETC. (IMPRINT)
Place of publication, distribution, etc. New York
Name of publisher, distributor, etc. John Wiley & Sons
Date of publication, distribution, etc. 1962
300 ## - PHYSICAL DESCRIPTION
Extent xv, 501 p.
Other physical details illus.
Dimensions 24 cm.
504 ## - BIBLIOGRAPHY, ETC. NOTE
Bibliography, etc Includes bibliographies
650 #0 - SUBJECT ADDED ENTRY--TOPICAL TERM
Topical term or geographic name as entry element Chemical engineering
942 ## - ADDED ENTRY ELEMENTS (KOHA)
Koha item type General Book
Holdings
Koha item type Sublocation or collection (holding branch) Koha date last seen Price effective from Koha full call number Shelving location Date acquired Withdrawn status Piece designation (barcode) Not for loan Lost status Koha normalized classification for sorting Copy number Damaged status Koha date last borrowed Location (home branch) Koha issues (times borrowed) Source of classification or shelving scheme
General BookCentral Library, BUET2015-03-312015-03-31660.299/LEV/1967Circulation section2015-03-31 17501  660_299000000000000_LEV_19671  Central Library, BUET  
General BookCentral Library, BUET2015-03-312015-03-31660.299/LEV/1967Circulation section2015-03-31 17821  660_299000000000000_LEV_19672  Central Library, BUET  
General BookCentral Library, BUET2015-03-312015-03-31660.299/LEV/1967Circulation section2015-03-31 17822  660_299000000000000_LEV_19673  Central Library, BUET  
General BookCentral Library, BUET2015-03-312015-03-31660.299/LEV/1967Circulation section2015-03-31 4402  660_299000000000000_LEV_19674  Central Library, BUET  
General BookCentral Library, BUET2015-03-312015-03-31660.299/LEV/1967Circulation section2015-03-31 20932  660_299000000000000_LEV_19675  Central Library, BUET  
General BookCentral Library, BUET2023-12-182015-04-01660.299/LEV/1964Circulation section2015-04-01 17502  660_299000000000000_LEV_19646 2023-12-05Central Library, BUET1 
General BookCentral Library, BUET2020-01-252015-04-01660.299/LEV/1964Circulation section2015-04-01 12542  660_299000000000000_LEV_19647 2019-05-05Central Library, BUET1 
Reading ItemCentral Library, BUET2015-06-182015-06-18660.299/LEV/1964Reading section2015-06-18 36300  660_299000000000000_LEV_19648  Central Library, BUET